00441nam a2200109Ia 4500008004100000050002800041100003300069245008300102260008600185300003300271521002700304140724s9999 xx 000 0 und d aQA 76.9.T43b.V732 2013 aVillegas, Adrian Niccollo A. aHelp desk system for Pivotal Technologies Inc. /cAdrian Niccollo A. Villegas. aLas Piñas, Philippines :bSouthville International School and Colleges,cc2013. a92 p. :bcol. ill. ;c28 cm. aInformation Technology